=LDR 00000nam 2200000 4500 =001 INLIS000000000037862 =005 20130612143554 =008 ***********************************ind** =035 ##$$0010-061300000037862 =041 ##$$a ind =100 ##$$a Askari, Sony Ristanta =245 ##$$a Bebek Emas =260 ##$$a Rizky Grafis $b Jakarta =300 ##$$a 40 hlm =850 ##$$a NBPNMAT